Контрольно-измерительные приборы: каталог

Dades bibliogràfiques
Autor corporatiu: Научно-исследовательский институт технико-экономических исследований
Altres autors: Киевская Е. Б. (редактор)
Sumari:Исключено из фонда НТБ ТПУ
Idioma:rus
Publicat: Москва, НИИТЭХИМ, 1977
Edició:3-е изд., перераб. и доп.
Format: MixedMaterials Llibre
KOHA link:https://koha.lib.tpu.ru/cgi-bin/koha/opac-detail.pl?biblionumber=114029

MARC

LEADER 00000nam0a2200000 4500
001 114029
005 20231031122110.0
035 |a (RuTPU)RU\TPU\book\123313 
090 |a 114029 
100 |a 20070418d1977 k y0rusy50 ca 
101 0 |a rus 
102 |a RU 
105 |a a b 000zy 
200 1 |a Контрольно-измерительные приборы  |e  каталог  |f Научно-исследовательский институт технико-экономических исследований; под ред. Е. Б. Киевской 
205 |a 3-е изд., перераб. и доп. 
210 |a Москва  |c НИИТЭХИМ  |d 1977 
215 |a 31 с.  |c ил. 
333 |a Исключено из фонда НТБ ТПУ 
702 1 |a Киевская  |b Е. Б.  |4 340 
712 0 2 |a Научно-исследовательский институт технико-экономических исследований 
801 1 |a RU  |b 63413507  |c 20070418  |g PSBO 
801 2 |a RU  |b 63413507  |c 20220617  |g RCR 
942 |c BK